Normal view
MARC view
- Literature- urdu
Entry Topical Term
001 - CONTROL NUMBER
- control field: 119433
003 - CONTROL NUMBER IDENTIFIER
- control field: NUST
005 - DATE AND TIME OF LATEST TRANSACTION
- control field: 20231202171405.0
008 - FIXED-LENGTH DATA ELEMENTS
- fixed length control field: 231202|| aca||aabn | a|a d
040 ## - CATALOGING SOURCE
- Original cataloging agency: NUST
- Transcribing agency: NUST
150 ## - HEADING--TOPICAL TERM
- Topical term or geographic name entry element: Literature- urdu
670 ## - SOURCE DATA FOUND
- Source citation: Work cat.: (NUST)5232: Iqbal, M. Allama. 119432, Shikwa Jawab e Shikwa, 2001.
